Les pays qui visitent Cuba le plus - Statistiques

Statistiques générales
  • Ce quiz a été pris 360 fois
  • Le résultat moyen est 10 sur 12
Statistiques - réponses
Visiteurs Pays % Correct
284,552 États Unis
99%
187,468 France
98%
153,340 Espagne
94%
1,205,809 Canada
92%
131,353 Mexique
91%
242,355 Allemagne
87%
194,815 Royaume-Uni
87%
191,585 Italie
82%
65,386 Russie
71%
94,727 Argentine
67%
52,613 Pays-Bas
54%
51,860 Chili
43%
Aucun quiz correspondant
Distribution des résultats
% des personnes avec chaque résultat
Percentile par nombre de réponses
Votre historique - résultats
Vous n’avez pas pris ce quiz